000
00227nam a2200097Ia 4500
005
20251222114345.0
008
251222s1900||||xx |||||||||||||| ||spa||
082
_a
DVD0096/G77/T.2
245
0
_a
De la tierra a la luna:
942
_c
DVD
999
_c
1027
_d
1027